<?xml version="1.0" encoding="UTF-8"?><?xml-stylesheet type="text/xsl" href="static/style.xsl"?><OAI-PMH xmlns="http://www.openarchives.org/OAI/2.0/" xmlns:xsi="http://www.w3.org/2001/XMLSchema-instance" xsi:schemaLocation="http://www.openarchives.org/OAI/2.0/ http://www.openarchives.org/OAI/2.0/OAI-PMH.xsd"><responseDate>2026-04-17T06:56:29Z</responseDate><request verb="GetRecord" identifier="oai:www.recercat.cat:10256/26985" metadataPrefix="marc">https://recercat.cat/oai/request</request><GetRecord><record><header><identifier>oai:recercat.cat:10256/26985</identifier><datestamp>2025-07-02T11:52:23Z</datestamp><setSpec>com_2072_452955</setSpec><setSpec>com_2072_2054</setSpec><setSpec>col_2072_453072</setSpec></header><metadata><record xmlns="http://www.loc.gov/MARC21/slim" xmlns:dcterms="http://purl.org/dc/terms/" xmlns:xsi="http://www.w3.org/2001/XMLSchema-instance" xmlns:doc="http://www.lyncode.com/xoai" xsi:schemaLocation="http://www.loc.gov/MARC21/slim http://www.loc.gov/standards/marcxml/schema/MARC21slim.xsd">
   <leader>00925njm 22002777a 4500</leader>
   <datafield ind2=" " ind1=" " tag="042">
      <subfield code="a">dc</subfield>
   </datafield>
   <datafield ind2=" " ind1=" " tag="720">
      <subfield code="a">Viteri-Miranda, Víctor</subfield>
      <subfield code="e">author</subfield>
   </datafield>
   <datafield ind2=" " ind1=" " tag="720">
      <subfield code="a">Regatto-Bonifaz, Jacqueline</subfield>
      <subfield code="e">author</subfield>
   </datafield>
   <datafield ind2=" " ind1=" " tag="720">
      <subfield code="a">Moreta-Herrera, Rodrigo</subfield>
      <subfield code="e">author</subfield>
   </datafield>
   <datafield ind2=" " ind1=" " tag="260">
      <subfield code="c">2024-01-31</subfield>
   </datafield>
   <datafield ind2=" " ind1=" " tag="520">
      <subfield code="a">Objective: To learn about the factorial structure of the Inventory of Self-Regulation of Learning Processes (IPAA) in a sample of university students in Ecuador. Method: The study was based on a descriptive and instrumental design of the IPAA. Participants: 570 students from public universities in Ecuador. Seventy-six percent were women and 24% were men. Ages ranged from 17 to 56 years (M= 25.29; SD= 6.5 years). Results: The IPAA is best interpreted among the university sample through a hierarchical factorial model of three first-order factors and one second-order factor with adequate adjustment. In addition, it converges moderately and positively with the Academic Situations Specific Perceived Self-Efficacy Scale and has high internal consistency reliability. Conclusion: Structural and external evidence of IPPA measurements in a university sample from Ecuador is reported</subfield>
   </datafield>
   <datafield ind2=" " ind1=" " tag="520">
      <subfield code="a">Objetivo: Conocer sobre la estructura factorial del Inventario de Procesos de Autorregulación del Aprendizaje (IPAA) en una muestra de universitarios del Ecuador. Método: El trabajo se basa en un diseño de carácter descriptivo e instrumental del IPAA. Participantes: 570 estudiantes de universidades públicas del Ecuador. El 76% son mujeres y el 24% corresponden a varones. Con edades comprendidas entre los 17 y 56 años (M= 25.29; DT= 6.5 años). Resultados: El IPAA se interpreta mejor en la muestra universitaria a través de un modelo factorial jerárquico de tres factores de primer orden y un factor de segundo orden con ajuste adecuado. Además, converge de forma moderada y positiva con la Escala de Autoeficacia Percibida Específica de Situaciones Académicas (EAPESA) de forma moderada y cuenta con una fiabilidad de consistencia interna elevada. Conclusión: Se reporta evidencia estructural y externa de las mediciones del IPPA en una muestra universitaria del Ecuador</subfield>
   </datafield>
   <datafield ind1="8" ind2=" " tag="024">
      <subfield code="a">http://hdl.handle.net/10256/26985</subfield>
   </datafield>
   <datafield tag="653" ind2=" " ind1=" ">
      <subfield code="a">Aprenentatge</subfield>
   </datafield>
   <datafield tag="653" ind2=" " ind1=" ">
      <subfield code="a">Control automàtic</subfield>
   </datafield>
   <datafield tag="653" ind2=" " ind1=" ">
      <subfield code="a">Learning</subfield>
   </datafield>
   <datafield tag="653" ind2=" " ind1=" ">
      <subfield code="a">Automatic control</subfield>
   </datafield>
   <datafield tag="653" ind2=" " ind1=" ">
      <subfield code="a">Ensenyament universitari</subfield>
   </datafield>
   <datafield tag="653" ind2=" " ind1=" ">
      <subfield code="a">Education, Higher</subfield>
   </datafield>
   <datafield ind2="0" ind1="0" tag="245">
      <subfield code="a">Propiedades Psicométricas del Inventario de Procesos de Autorregulación del Aprendizaje (IPAA) en Universitarios del Ecuador = Psychometric Properties of the Inventory of Self-Regulated Learning Processes (IPAA) in Ecuadorian University Students</subfield>
   </datafield>
</record></metadata></record></GetRecord></OAI-PMH>